000 00183nam a2200073Ia 4500
008 170817s9999 xx 000 0 und d
100 _aSHARMA R.A.
245 0 _aPEDAGOGICS OF EDUCATION
260 _bLOYAL BOOK D.MEERUT
999 _c36523
_d36523